Statistiques concernant Focus sur: Radagast - Tolkien

Cliquez ici pour prendre le quiz!

Statistiques générales

  • Ce quiz a été pris 26 fois
  • Le résultat moyen est 7 sur 11

Statistiques - réponses

Informations recherchéesRéponses% Correct
Couleur associéeBrun
100%
Couleur des cheveux (films)Brun grisonnant
100%
Première apparitionLe Seigneur des Anneaux: La Communauté de l'Anneau
100%
EspèceIstar/Maia
96%
Age durant lequel il vécut en Terre du MilieuTroisième
92%
Groupe auquel il appartientConseil Blanc
58%
Val d'Anduin (entre la Forêt Noire et le Carrock)
54%
ContréesValinor
46%
DemeureRhosgobel
13%
Acteur l'interprétant dans les filmsSylvester McCoy
13%
Autre nomAiwendil
8%

Distribution des résultats

Percentile par nombre de réponses

% des personnes avec chaque résultat

Votre développement - résultats

Vous n’avez pas pris ce quiz